000 00819nam a22002297a 4500
999 _c7641
_d7641
003 AR-CdUCM
008 190321b ||||| |||| 00| 0 spa d
040 _aMUNICIPALIDAD PROVINCIAL DEL CUSCO
_cBIBLIOTECA MUNICIPAL DEL CUSCO
082 _a306.980 /
_bB222
100 _aBaquero, Gastón
_921575
245 _aIndios, blancos y negros en el caldero de América /
260 _aMadrid :
_bCultura Hispana,
_c1991
300 _a289 páginas ;
_c24 cm.
440 _aInstituto de corporación institucional
_921576
505 _aEl auto descubrimiento de América -- Variaciones sobre el tema de racismo -- Desunión de América -- Hombres americohispanos...
650 _aRacismo.
_93784
650 _aEtnicidad.
_91315
650 _aIndios.
_9631
650 _aNegros.
_93358
942 _2ddc
_cLIBROS
945 _awfj